L'Université de Paris et les établissements parisiens d'enseignement supérieur : programmes, sommaires, renseignements divers programmes, sommaires, renseignements divers
Descripción Física:
134 p., [42] p. ; 22 cm
MARC
| LEADER | 00000nam a2200000Ia 4500 | ||
|---|---|---|---|
| 001 | 1357 | ||
| 008 | 160829s9999 xx 000 0 cat d | ||
| 080 | |a E-1-101 | ||
| 100 | |a Université de Paris |9 48046 | ||
| 245 | |a L'Université de Paris et les établissements parisiens d'enseignement supérieur : |b programmes, sommaires, renseignements divers | ||
| 260 | |a Paris : |b Bureau de Renseignements a la Sorbonne, [1907?] | ||
| 300 | |a 134 p., [42] p. ; |c 22 cm | ||
| 590 | |a A la part superior de la portada: Année Scolaire 1906-1907. | ||
| 590 | |a A la coberta, nota autògrafa i firma d'Eugeni d' Ors. | ||
| 590 | |a Prové de 2283. | ||
| 650 | |a Ensenyament universitari |x París |x Currículums |9 48047 | ||
| 901 | |a Arxiu | ||
| 942 | |n 1 | ||
| 952 | |0 0 |1 0 |4 0 |6 E1101 |7 1 |9 54289 |a Arxiu |b Arxiu |d 2016-12-01 |l 0 |o E-1-101 |p 1357 |r 2016-12-01 00:00:00 |w 2016-12-01 |y ARXIU | ||
| 999 | |c 58158 |d 58158 | ||